000 00786cam a2200253 u 4500
003 UPN
005 20221108173558.0
008 190828s2004 mx d fr 000 0 spa d
020 _a970323027X
035 _aUPN01000232495
040 _aMX-MxUPN
_bspa
_cMX-MxUPN
049 _aCG
050 4 _aHC113
_bD37 2005
100 1 _aDávalos, Elisa
_943222
245 1 4 _aLas relaciones económicas interprovinciales en Canadá
250 _aPrimera edición
260 _aMéxico :
_bUNAM, Centro de Investigaciones sobre América del Norte,
_c2005.
300 _a183 páginas :
_bgráficas
650 0 _aProvincias canadienses
_xCondiciones económicas
_927848
650 0 _aComercio interestatal
_zCanadá
_927849
905 _aLibro
942 _2lcc
_cLIBRO
999 _c204590
_d204590